Central Library OPAC University of Rajshahi

Groundwater quality protection : (Record no. 10723)

MARC details
000 -LEADER
fixed length control field 01291cam a22003257a 4500
001 - CONTROL NUMBER
control field 10723
003 - CONTROL NUMBER IDENTIFIER
rucl marc code BD-RjUL
005 - DATE AND TIME OF LATEST TRANSACTION
control field 20211208235014.0
008 - FIXED-LENGTH DATA ELEMENTS--GENERAL INFORMATION
fixed length control field 140125s2002 dcuab b i000 0 eng d
020 ## - INTERNATIONAL STANDARD BOOK NUMBER
International Standard Book Number 0821349511
035 ## - SYSTEM CONTROL NUMBER
System control number (BD-RjUL)10772
040 ## - CATALOGING SOURCE
Original cataloging agency USP/SIBI
Transcribing agency UBA
Modifying agency FQG
-- DLC
-- BD-RjUL
Language of cataloging eng
041 ## - LANGUAGE CODE
Language code of text/sound track or separate title eng
044 ## - COUNTRY OF PUBLISHING/PRODUCING ENTITY CODE
MARC country code xxu
082 ## - DEWEY DECIMAL CLASSIFICATION NUMBER
Classification number 551.49
Author mark and year GRO 2002
245 00 - TITLE STATEMENT
Title Groundwater quality protection :
Remainder of title a guide for water utilities, municipal authorities, and environment agencies /
Statement of responsibility, etc. Stephen Foster ... [et al.] ; Groundwater Management Advisory Team (GW-MATE) in association with the Global Water Partnership ; co-sponsored by WHO-PAHO-CEPIS & UNESCO-ROSTLAC-PHI.
260 ## - PUBLICATION, DISTRIBUTION, ETC. (IMPRINT)
Place of publication, distribution, etc. Washington, D.C :
Name of publisher, distributor, etc. World Bank,
Date of publication, distribution, etc. c2002.
300 ## - PHYSICAL DESCRIPTION
Pagination vii, 103 p. :
Illustrations col. ill., col. maps ;
Size 28 cm.
504 ## - BIBLIOGRAPHY, ETC. NOTE
Bibliography, etc Includes bibliographical references (p. 100-103).
650 #0 - SUBJECT ADDED ENTRY--TOPICAL TERM
Topical term or geographic name as entry element Groundwater
General subdivision Quality.
9 (RLIN) 33168
Topical term or geographic name as entry element Hydrogeology.
9 (RLIN) 33169
Topical term or geographic name as entry element HIDROGEOLOGIA
Source of heading or term larpcal
9 (RLIN) 33170
Topical term or geographic name as entry element LENÇÓIS DE ÁGUA
Source of heading or term larpcal
9 (RLIN) 33171
Topical term or geographic name as entry element POLUIÇÃO DA ÁGUA
Source of heading or term larpcal
9 (RLIN) 33172
Topical term or geographic name as entry element ÁGUA (ENGENHARIA SANITÁRIA E AMBIENTAL)
Source of heading or term larpcal
9 (RLIN) 33173
700 1# - ADDED ENTRY--PERSONAL NAME
Personal name Foster, Stephen S. D.
942 ## - ADDED ENTRY ELEMENTS (KOHA)
Source of classification or shelving scheme Dewey Decimal Classification
Koha item type Books
Holdings
Lost status Source of classification or shelving scheme Damaged status Not for loan Collection code Permanent Location Current Location Shelving location Date acquired Source of acquisition Cost, normal purchase price Total Checkouts Full call number Date last seen Copy number Koha item type
  Dewey Decimal Classification   Not For Loan Non-fiction Central Library, University of Rajshahi Central Library, University of Rajshahi Reading Room 29/05/2006 Dhaka, Paragong enterprise 30.00   551.49 GRO 2002 25/01/2014 C-1 Books
  Dewey Decimal Classification     Non-fiction Central Library, University of Rajshahi Central Library, University of Rajshahi   29/05/2006 Paragon enterprise, Dhaka. 30.00   551.49 GRO 2002 16/05/2017 C-2 Books